| 000 | 00385 a2200121 4500 | ||
|---|---|---|---|
| 001 | ART_11765 | ||
| 005 | 20260410161900.0 | ||
| 008 | 260409a | ||
| 245 | 1 | 0 | _aSome effects of taxation and collective goods in postwar America |
| 100 | 1 | _aGevers, Louis | |
| 700 | 1 | _aProost, Stefaan | |
| 773 | 0 |
_tJournal of public economics _g- Vol. 9, NÂș 2 (abr. 1978) _wREV11485 |
|
| 999 |
_c25811 _d25811 |
||